Mince a korunovační medaile Ferdinanda V. 1835-1848. /

Uložené v:
Podrobná bibliografia
Hlavný autor: Novotný, Vlastislav (Author)
Médium: Kniha
Jazyk:Czech
Vydané: Hodonín : Ing. Vlastislav Novotný, 1996
Vydanie:2. dopl. vyd.
Témy:
ISBN: (brož.)
Fyzický popis: 68 s.
Tagy: Pridať tag
Žiadne tagy, Buďte prvý kto otaguje tento záznam!

MARC

LEADER 00000nam a2200000 a 4500
001 000078708
003 SVKK
005 20031211000000.0
008 030908s1996 cs e czeo
020 |a (brož.) 
040 |a SVKKK  |b slo  |c SVKKK  |e AACR2 
041 0 |a cze 
044 |a cs  |c CS 
080 |a 737.1(436)"1835/1848"(436)  |2 1997 
100 1 |a Novotný, Vlastislav  |4 aut 
245 1 0 |a Mince a korunovační medaile Ferdinanda V. 1835-1848. /  |c Vlastislav Novotný 
250 |a 2. dopl. vyd. 
260 |a Hodonín :  |b Ing. Vlastislav Novotný,  |c 1996 
300 |a 68 s. 
653 0 |a Ferdinand V., 1793-1895  |2 SVKKKPH 
653 0 |a mince  |2 SVKKKPH 
653 0 |a medaile  |2 SVKKKPH 
653 0 |a žetóny  |2 SVKKKPH 
653 0 |a Rakúsko  |2 SVKKKPH 
653 0 |a r. 1835-1848  |2 SVKKKPH 
653 0 |a katalógy  |2 SVKKKPH 
655 7 |a príručky  |2 SVKKKPH 
910 |a svkkk 
974 |a UH  |d 20031013 
974 |a KL  |d 20031010 
974 |a TI  |d 20031211 
998 |a BK 
090 |g SCKHL  |k Sklad Hlavná 10 prízemie  |a I.72441  |j 955354  |i 2720017777  |s Absenčne